000 01743cam a22004694i 4500
003 PE-LiUPU
005 20250731173017.0
008 150623s r 000 0 d
020 _a157312026X
035 _a(Sirsi) i9781573120265
040 _aPE-LiUPU
_bspa
_cPE-LiUPU
_erda
049 _aPRUA
082 0 4 _a224.066
_bI41
_221
245 0 0 _aInterpreting Amos for preaching and teaching /
_cEditado por Cecil P. Staton.
264 1 _aMacon, Georgia :
_bSmyth and Helwys Publishing, Inc.,
_c1995.
300 _a168 páginas ;
_c23 centímetros
336 _atext
_2rdacontent
337 _aunmediated
_2rdamedia
338 _avolume
_2rdacarrier
490 0 _aKerygma and Church Series
504 _aIncluye bibliografía.
505 0 _aIntroducing the book of Amos. -Thus says the Lord: 'is it not indeed so?'. -Ob walking with God. -Now hear this!. -You did it ti/for me. -Feast or famine?. -The search. -Never again. -A kept minister. -Amos: a word for our times. -Grace beyond judment.
526 _aSEG42
526 _aSEG41
526 _aSEG40
526 _aSEG39
526 _aP94
526 _aP87
526 _aP86
526 _aP85
526 _aP77
526 _aP76
526 _aP35
630 _aBiblia.
_pA.T.
_pAmós
_xUso homilético.
700 1 _aStaton, Cecil P.,
_eed.
942 _2ddc
_cBOOK
949 _a224.066 I41
_wDEWEY
_c1
_i47328
_lCCODEBUL1
_mBUL
_r0
_sY
_tBOOK
_u2015-6-24
_xTEOLOGIA
_PP35
_0COMPRA
_o.STAFF. Colección General
994 _aC0
_bPEPRU
596 _a1
999 _a224.066 I41
_wDEWEY
_c23879
_i47328
_f2021-11-11
_g5
_lCCODEBUL1
_mBUL
_r0
_sY
_tBOOK
_u2015-6-24
_xTEOLOGIA
_PP35
_0COMPRA
_o.STAFF. Colección General
_d23879
980 _81
_gALBERTO SANCHEZ Responsable de Automatización